| 000 | 02272nam0a2201057 i 4500 | ||
|---|---|---|---|
| 999 |
_c357873 _d357873 |
||
| 001 | IT\ICCU\RAV\0273059 | ||
| 003 | IT-MiSPE | ||
| 005 | 20180511180143.0 | ||
| 008 | 180511b ||||| |||| 00| 0 eng d | ||
| 010 | _a88-211-8674-1 | ||
| 020 |
_a8821186741 _c18.00 EUR |
||
| 040 |
_aIT-MiSPE _bita _cIT-MiSPE |
||
| 041 | _hger | ||
| 082 | _a141-GAD ha di (23151) | ||
| 100 |
_aGadamer, Hans-Georg, _d1900-2002 _eautore _957147 |
||
| 240 | _aHegels Dialektik. | ||
| 245 |
_aLa dialettica di Hegel : _cHans-Georg Gadamer |
||
| 260 |
_aGenova : _bMarietti, _cc1996 (2a edizione) |
||
| 300 |
_a214 p. ; _c21 cm |
||
| 440 |
_pLa questione della dialettica in Hegel, Heidegger, Gadamer di Riccardo Dottori _957148 |
||
| 490 |
_aCollana di Filosofia _v65 |
||
| 600 |
_aHegel, Georg Friedrich Wilhelm _d1770-1831 _957149 |
||
| 600 |
_aHeidegger, Martin _d1889-1976 _957150 |
||
| 655 |
_aIdealismo tedesco _xDialettica hegeliana _957151 |
||
| 700 | 1 |
_aRiccardo Dottori _d1940- _957152 |
|
| 899 | _fP/G | ||
| 899 | _fP/G | ||
| 899 | _fP/G | ||
| 899 | _fP/G | ||
| 899 | _fP/G | ||
| 899 | _fP/G | ||
| 899 | _fP | ||
| 899 | _fP/G | ||
| 899 | _fP/G | ||
| 899 | _fP/G | ||
| 899 | _fP/G | ||
| 899 | _fP/G | ||
| 899 | _fP/G | ||
| 899 | _fP/G | ||
| 899 | _fP/G | ||
| 899 | 0 |
_fP/G _t0 |
|
| 899 | _fP/G | ||
| 899 | _fP/G | ||
| 899 | _fP | ||
| 899 | _fP/G | ||
| 899 | _fP/G | ||
| 899 | _fP/G | ||
| 899 | _fP/G | ||
| 899 | _fP/G | ||
| 899 | _fP/G | ||
| 899 | _fP/G | ||
| 899 | _fP/G | ||
| 899 | _fP/G | ||
| 899 | _fP/G | ||
| 899 | _fP/G | ||
| 899 | _fP/G | ||
| 899 | _fP/G | ||
| 899 | _fP/G | ||
| 899 | _fP/G | ||
| 899 | _fP/G | ||
| 899 | _fP/G | ||
| 899 | _fP/G | ||
| 899 | _fP/G | ||
| 899 | _fP/G | ||
| 899 | _fP/G | ||
| 899 | _fP/G | ||
| 899 | _fP/G | ||
| 899 | _fP/G | ||
| 899 | _fP/G | ||
| 899 | _fP/G | ||
| 899 | _fP | ||
| 899 | _fP/G | ||
| 899 | _fP/G | ||
| 899 | _fP/G | ||
| 899 | _fP/G | ||
| 899 | _fP/G | ||
| 899 | _fP/G | ||
| 899 | _fP/G | ||
| 899 | _fP/G | ||
| 899 | _fP/G | ||
| 899 | _fP/G | ||
| 899 | _fP/G | ||
| 899 | _fP/G | ||
| 899 | _fP/G | ||
| 899 | _fP/G | ||
| 899 | _fP/G | ||
| 899 | _fP/G | ||
| 899 | _fP | ||
| 899 | _fP | ||
| 942 |
_2ddc _cBK |
||